| 000 | 00000nam 2200000za 4500 |
| 001 | 9.816841 |
| 003 | CaOODSP |
| 005 | 20221107142335 |
| 007 | cr ||||||||||| |
| 008 | 160504s2014 xxc |o||||f|0| 0|eng d |
| 020 | |z978-1-100-54683-4 |
| 040 | |aCaOODSP|beng |
| 041 | |aeng|afre |
| 043 | |an-cn--- |
| 086 | 1 |aD94-4/2014-PDF |
| 245 | 00|aHug a tree and survive |h[electronic resource] = |bPour survivre reste près d'un arbre. |
| 246 | 11|aPour survivre reste près d'un arbre |
| 260 | |a[Ottawa] : |bMinister of National Defence, |c2014. |
| 300 | |a[20] p. : |bills. |
| 500 | |aTitle from cover. |
| 500 | |aThe catalogue number (D94-4/2014) and ISBN (978-1-100-54683-4) for the bilingual print edition have been copied in this electronic publication. |
| 546 | |aText in English and in French. |
| 692 | 07|2gccst|aSurvival |
| 710 | 1 |aCanada.|bNational Search and Rescue Secretariat. |
| 792 | |tHug a tree and survive |efre|w(CaOODSP)9.816844 |
| 856 | 40|qPDF|s2.64 MB|uhttps://publications.gc.ca/collections/collection_2016/snrs-nss/D94-4-2014.pdf |